| 000 | 00745nam a22002177a 4500 | ||
|---|---|---|---|
| 999 |
_c19479 _d19479 |
||
| 003 | AR-CdUCM | ||
| 008 | 190517b ||||| |||| 00| 0 spa d | ||
| 040 |
_aMUNICIPALIDAD PROVINCIAL DEL CUSCO _cBIBLIOTECA MUNICIPAL DEL CUSCO |
||
| 082 |
_a371.23 / _bB23 |
||
| 110 |
_aCervesur _911816 |
||
| 245 |
_aConvenio municipalidad del Cusco Cervesur : _bUna contribución a la cultura / |
||
| 260 | _aCusco : | ||
| 300 |
_a152 páginas ; _bilustraciones, _c23 cm. |
||
| 505 | _aContenido: El ambiente escolar -- Día de la educación -- Día mundial de la salud... | ||
| 650 |
_aCusco _9772 |
||
| 650 |
_aCultura _9126 |
||
| 650 |
_aCervesur _940832 |
||
| 700 |
_aMunicipalidad del Cusco _96894 |
||
| 942 |
_2ddc _cLIBROS |
||
| 945 |
_adavv _d2019-05-17 |
||